[Event "Amantea op-B 9th"]
[Site "Amantea"]
[Date "2011.09.10"]
[Round "7"]
[White "Carbone, Edoardo"]
[Black "Catapano, Francesco"]
[Result "1/2-1/2"]
[WhiteElo "1838"]
[BlackElo "1787"]
[PlyCount "104"]
[EventDate "2011.09.04"]
[EventType "swiss"]
[EventRounds "8"]
[EventCountry "ITA"]
[SourceTitle "EXT 2014"]
[Source "ChessBase"]
[SourceDate "2013.11.20"]
[SourceVersion "1"]
[SourceVersionDate "2013.11.20"]
[SourceQuality "1"]

1. d4 Nf6 2. c4 g6 3. Nf3 Bg7 4. g3 d6 5. Bg2 0-0 6. 0-0 c5 7. Nc3 a6 8. b3 Qc7 9. Bb2 cxd4 10. Nxd4 Nc6 11. Nd5 Nxd5 12. cxd5 Bxd4 13. Bxd4 Nxd4 14. Qxd4 Bd7 15. Rfc1 Qa5 16. Qc3 Qxc3 17. Rxc3 Rfc8 18. Rac1 Rxc3 19. Rxc3 Rc8 20. Rxc8+ Bxc8 21. f4 f6 22. Kf2 a5 23. e4 Bd7 24. Bf1 Kf8 25. Ke3 Ke8 26. Kd4 Kd8 27. Be2 h6 28. Bd3 b6 29. a4 Bg4 30. Bc4 Bd1 31. Kc3 Kc7 32. Kd2 Bf3 33. Ke3 Bd1 34. Kd4 Kd8 35. Kc3 Kc7 36. Kd2 Bf3 37. Ke3 Bd1 38. h3 g5 39. fxg5 fxg5 40. h4 Kd7 41. hxg5 hxg5 42. Kd2 Bf3 43. Ke3 Bd1 44. Kd4 Bg4 45. Ke3 e5 46. Be2 Bh3 47. Kf2 g4 48. Bb5+ Kc7 49. Be8 Kb7 50. Bh5 Kc7 51. Bg6 Kd8 52. Bf5 Kc7 1/2-1/2

[Event "Amantea op-B 9th"]
[Site "Amantea"]
[Date "2011.09.07"]
[Round "4"]
[White "Catapano, Francesco"]
[Black "Suriano, Davide"]
[Result "1-0"]
[WhiteElo "1787"]
[BlackElo "1476"]
[PlyCount "87"]
[EventDate "2011.09.04"]
[EventType "swiss"]
[EventRounds "8"]
[EventCountry "ITA"]
[SourceTitle "EXT 2014"]
[Source "ChessBase"]
[SourceDate "2013.11.20"]
[SourceVersion "1"]
[SourceVersionDate "2013.11.20"]
[SourceQuality "1"]

1. Nf3 Nf6 2. g3 g6 3. Bg2 Bg7 4. 0-0 0-0 5. d3 d5 6. Nbd2 Re8 7. e4 c6 8. e5 Ng4 9. Re1 Qc7 10. Qe2 e6 11. h3 Nh6 12. c3 Nd7 13. Nb3 c5 14. Bf4 b6 15. g4 Kh8 16. d4 f6 17. Bxh6 Bxh6 18. exf6 Bf4 19. g5 Bb7 20. Ne5 Nxe5 21. dxe5 Bxg5 22. Qg4 Bh6 23. f4 Ba6 24. Red1 Rad8 25. Rac1 Kg8 26. Bf1 Bb7 27. Nd2 c4 28. Nf3 Bf8 29. Kh2 a5 30. h4 d4 31. Nxd4 Rxd4 32. Rxd4 Bc5 33. Rdd1 Kf7 34. h5 Be3 35. Rc2 Be4 36. Re2 Bf5 37. Qf3 Bc5 38. Red2 Qc8 39. Rd7+ Kf8 40. Qb7 gxh5 41. Rf7+ Kg8 42. Rg7+ Kh8 43. Rxh7+ Bxh7 44. Qg7# 1-0

[Event "Amantea op-B 9th"]
[Site "Amantea"]
[Date "2011.09.04"]
[Round "1"]
[White "Martino, Giovanni"]
[Black "Catapano, Francesco"]
[Result "1/2-1/2"]
[WhiteElo "1542"]
[BlackElo "1787"]
[PlyCount "66"]
[EventDate "2011.09.04"]
[EventType "swiss"]
[EventRounds "8"]
[EventCountry "ITA"]
[SourceTitle "EXT 2014"]
[Source "ChessBase"]
[SourceDate "2013.11.20"]
[SourceVersion "1"]
[SourceVersionDate "2013.11.20"]
[SourceQuality "1"]

1. e4 e6 2. d3 d5 3. Nd2 c5 4. Ngf3 Nc6 5. g3 g6 6. Bg2 Bg7 7. 0-0 Nge7 8. Re1 0-0 9. e5 Qc7 10. Qe2 Nf5 11. c3 b5 12. Nf1 b4 13. Bf4 bxc3 14. bxc3 Rb8 15. h4 Ba6 16. g4 Nfe7 17. h5 h6 18. g5 Nf5 19. Ne3 hxg5 20. Nxg5 Nxe3 21. Qxe3 Bh6 22. hxg6 Bxg5 23. gxf7+ Qxf7 24. Bxg5 Rb2 25. Re2 Rxe2 26. Qxe2 Qf5 27. f4 Bxd3 28. Qe3 c4 29. Qg3 Qg6 30. Kf2 Nxe5 31. Rh1 Nf7 32. Bh3 Nxg5 33. Bxe6+ Nxe6 1/2-1/2

[Event "Cutro op-B 14th"]
[Site "Cutro"]
[Date "2008.05.01"]
[Round "7"]
[White "Familari, Giuseppe"]
[Black "Catapano, Francesco"]
[Result "1-0"]
[WhiteElo "1801"]
[BlackElo "1757"]
[PlyCount "69"]
[EventDate "2008.04.25"]
[EventType "swiss"]
[EventRounds "7"]
[EventCountry "ITA"]
[SourceTitle "EXT 2009"]
[Source "ChessBase"]
[SourceDate "2008.11.26"]
[SourceVersion "1"]
[SourceVersionDate "2008.11.26"]
[SourceQuality "1"]

1. Nf3 Nf6 2. c4 g6 3. g3 Bg7 4. Bg2 0-0 5. Nc3 d6 6. 0-0 c5 7. d4 a6 8. h3 Re8 9. Be3 Nbd7 10. Qd2 Qc7 11. Rac1 Rb8 12. b3 b6 13. Rfd1 Bb7 14. dxc5 dxc5 15. Nd5 Bxd5 16. cxd5 Ne4 17. Qd3 Nd6 18. Bf4 b5 19. e4 f6 20. Nd4 Ne5 21. Bxe5 fxe5 22. Ne6 Qa7 23. Rxc5 Bh6 24. Qc2 b4 25. Bf1 Rec8 26. Rc6 Rxc6 27. dxc6 Rc8 28. Bc4 Kh8 29. Bd5 Qb6 30. Qc5 Qxc5 31. Nxc5 a5 32. Nb7 Nxb7 33. cxb7 Rd8 34. f4 exf4 35. Rc1 1-0